000 02207cam a22004934i 4500
003 PE-LiUPU
005 20250731173430.0
008 150706s r 000 0 d
020 _a9780829756487
035 _a(Sirsi) i9780829756487
040 _aPE-LiUPU
_bspa
_cPE-LiUPU
_erda
049 _aPRUA
082 0 4 _a269.2
_bR18
_221
100 1 _aRainer, Thom S. ,
_eautor.
245 1 0 _aDesconectados de la iglesia :
_b"quíenes son, dónde están y cómo restablecer la conexión" /
_cThom S. Rainer.
264 1 _aMiami, Florida :
_bVida,
_c2009.
300 _a267 páginas :
_bilustraciones ;
_c23 cm,
336 _atext
_2rdacontent
337 _aunmediated
_2rdamedia
338 _avolume
_2rdacarrier
500 _aEntendamos las etapas de la fe como clave para difundir nuestra fe -- otro subtítulo.
504 _aIncluye referencias bibliográficas e índice.
505 0 _aEl vecino desconectado de la iglesia -- Etapas de fe de los desconectados de la iglesia -- "La religión es buena para los débiles de mente" -- "¿Que es la verdad exactamente?" -- "La iglesia no es lo mío" -- "Con Jesús todo es bueno" -- "¿Qué debo hacer para ser salvo?" -- Los ex desconectados de la iglesia nos ofrecen sus ideas -- Diez razones por las que no conquistamos a los desconectados de las iglesias -- Cómo conquistar a los desconectados en sus etapas de fe.
526 _aSEG42
526 _aSEG41
526 _aSEG40
526 _aSEG39
526 _aP94
526 _aP87
526 _aP86
526 _aP85
526 _aP77
526 _aP76
526 _aP35
541 _g001-0000626;
650 0 4 _aPersonas no afiliadas a la iglesia.
650 0 4 _aEvangelísmo.
_9953
910 _clch
_d20130515
942 _2ddc
_cBOOK
949 _a269.2 R18
_wDEWEY
_c1
_i67066
_lCCODEBUL1
_mBUL
_p14.00
_r0
_sY
_tBOOK
_u2015-7-6
_xTEOLOGIA
_PP35
_o.STAFF. Colección General
994 _aC0
_bPEPRU
596 _a1
999 _a269.2 R18
_wDEWEY
_c54774
_i67066
_f2021-11-10
_g5
_lCCODEBUL1
_mBUL
_p14.00
_r0
_sY
_tBOOK
_u2015-7-6
_xTEOLOGIA
_PP35
_0COMPRA
_o.STAFF. Colección General
_d54774
980 _81
_gALBERTO SANCHEZ Responsable de Automatización